|
|
|
|
| LEADER |
00000cam a2200000 c 4500 |
| 001 |
1644614375 |
| 003 |
DE-627 |
| 005 |
20260206195810.0 |
| 007 |
tu |
| 008 |
881222s1989 xx ||||| 00| ||eng c |
| 016 |
7 |
|
|a b8825089
|2 UK
|
| 020 |
|
|
|a 0333452895
|9 0-333-45289-5
|
| 035 |
|
|
|a (DE-627)1644614375
|
| 035 |
|
|
|a (DE-603)011293233
|
| 035 |
|
|
|a (DE-576)016881893
|
| 035 |
|
|
|a (DE-599)BSZ016881893
|
| 035 |
|
|
|a (OCoLC)17837679
|
| 035 |
|
|
|a (OCoLC)230967086
|
| 035 |
|
|
|a (OCoLC)230967086
|
| 035 |
|
|
|a (OCoLC)17837679
|
| 035 |
|
|
|a (DE-604)8013219235
|
| 040 |
|
|
|a DE-627
|b ger
|c DE-627
|e rakwb
|
| 041 |
|
|
|a eng
|
| 050 |
|
0 |
|a PR871
|
| 082 |
0 |
|
|a 823'.8'09
|
| 082 |
0 |
|
|a 823/.8/09355
|q OCLC
|
| 082 |
0 |
|
|a 823.809355
|2 DDC19oclc
|
| 084 |
|
|
|a HL 1331
|2 rvk
|0 (DE-625)rvk/50430:
|
| 084 |
|
|
|a HL 1101
|2 rvk
|0 (DE-625)rvk/50382:
|
| 100 |
1 |
|
|a Trodd, Anthea
|4 aut
|
| 245 |
1 |
0 |
|a Domestic crime in the Victorian novel
|c Anthea Trodd
|
| 264 |
|
1 |
|a Basingstoke [u.a.]
|b Macmillan
|c 1989
|
| 300 |
|
|
|a viii, 183 S.
|
| 336 |
|
|
|a Text
|b txt
|2 rdacontent
|
| 337 |
|
|
|a ohne Hilfsmittel zu benutzen
|b n
|2 rdamedia
|
| 338 |
|
|
|a Band
|b nc
|2 rdacarrier
|
| 490 |
0 |
|
|a Macmillan studies in Victorian literature
|
| 500 |
|
|
|a Includes bibliography and index
|
| 505 |
8 |
|
|a Literaturverz. S. 173 - 179
|
| 505 |
8 |
|
|a Literaturverz. S. 173 - 179
|
| 583 |
1 |
|
|a Archivierung prüfen
|c 20200919
|f DE-640
|z 3
|2 pdager
|
| 583 |
1 |
|
|a Archivierung prüfen
|c 20240324
|f DE-4165
|z 3
|2 pdager
|
| 648 |
|
7 |
|a Geschichte 1840-1900
|2 gnd
|
| 648 |
|
7 |
|a Geschichte
|2 gnd
|
| 650 |
0 |
7 |
|0 (DE-588)4014777-0
|0 (DE-627)106338749
|0 (DE-576)208909400
|a Englisch
|2 gnd
|
| 650 |
0 |
7 |
|0 (DE-588)4050479-7
|0 (DE-627)104137673
|0 (DE-576)209087579
|a Roman
|2 gnd
|
| 650 |
0 |
7 |
|0 (DE-588)4187583-7
|0 (DE-627)10527108X
|0 (DE-576)210046740
|a Verbrechen
|g Motiv
|2 gnd
|
| 650 |
0 |
7 |
|0 (DE-588)4062653-2
|0 (DE-627)106130862
|0 (DE-576)209145358
|a Verbrechen
|2 gnd
|
| 653 |
|
0 |
|a English fiction
|a 19th century
|a History and criticism
|
| 655 |
|
7 |
|a Aufsatzsammlung
|0 (DE-588)4143413-4
|0 (DE-627)105605727
|0 (DE-576)209726091
|2 gnd-content
|
| 689 |
0 |
0 |
|d s
|0 (DE-588)4014777-0
|0 (DE-627)106338749
|0 (DE-576)208909400
|a Englisch
|2 gnd
|
| 689 |
0 |
1 |
|d s
|0 (DE-588)4050479-7
|0 (DE-627)104137673
|0 (DE-576)209087579
|a Roman
|2 gnd
|
| 689 |
0 |
2 |
|d s
|0 (DE-588)4187583-7
|0 (DE-627)10527108X
|0 (DE-576)210046740
|a Verbrechen
|g Motiv
|2 gnd
|
| 689 |
0 |
3 |
|a z
|2 gnd
|a Geschichte 1840-1900
|
| 689 |
0 |
|
|5 (DE-627)
|
| 689 |
1 |
0 |
|d s
|0 (DE-588)4014777-0
|0 (DE-627)106338749
|0 (DE-576)208909400
|a Englisch
|2 gnd
|
| 689 |
1 |
1 |
|d s
|0 (DE-588)4050479-7
|0 (DE-627)104137673
|0 (DE-576)209087579
|a Roman
|2 gnd
|
| 689 |
1 |
2 |
|d s
|0 (DE-588)4062653-2
|0 (DE-627)106130862
|0 (DE-576)209145358
|a Verbrechen
|2 gnd
|
| 689 |
1 |
3 |
|a z
|2 gnd
|a Geschichte 1840-1902
|
| 689 |
1 |
|
|5 (DE-627)
|
| 689 |
2 |
0 |
|d s
|0 (DE-588)4014777-0
|0 (DE-627)106338749
|0 (DE-576)208909400
|a Englisch
|2 gnd
|
| 689 |
2 |
1 |
|d s
|0 (DE-588)4050479-7
|0 (DE-627)104137673
|0 (DE-576)209087579
|a Roman
|2 gnd
|
| 689 |
2 |
2 |
|d s
|0 (DE-588)4187583-7
|0 (DE-627)10527108X
|0 (DE-576)210046740
|a Verbrechen
|g Motiv
|2 gnd
|
| 689 |
2 |
3 |
|a z
|2 gnd
|a Geschichte 1837-1901
|
| 689 |
2 |
|
|5 (DE-627)
|
| 689 |
3 |
0 |
|d s
|0 (DE-588)4187583-7
|0 (DE-627)10527108X
|0 (DE-576)210046740
|a Verbrechen
|g Motiv
|2 gnd
|
| 689 |
3 |
1 |
|d s
|0 (DE-588)4050479-7
|0 (DE-627)104137673
|0 (DE-576)209087579
|a Roman
|2 gnd
|
| 689 |
3 |
2 |
|d s
|0 (DE-588)4014777-0
|0 (DE-627)106338749
|0 (DE-576)208909400
|a Englisch
|2 gnd
|
| 689 |
3 |
3 |
|a z
|2 gnd
|a Geschichte 1837-1901
|
| 689 |
3 |
|
|5 (DE-627)
|
| 856 |
4 |
2 |
|u http://scans.hebis.de/HEBCGI/show.pl?01129323_toc.pdf
|m V:DE-603;B:DE-30
|q application/pdf
|3 Inhaltsverzeichnis
|7 1
|
| 889 |
|
|
|w (DE-627)02244209X
|
| 889 |
|
|
|w (DE-627)274803275
|
| 935 |
|
|
|i mdedup
|
| 935 |
|
|
|h HEB
|i 0501
|
| 935 |
|
|
|h HEB
|i 0503
|
| 936 |
r |
v |
|a HL 1331
|b Einzelne Probleme
|k Anglistik. Amerikanistik
|k Englische Literatur
|k 19. Jahrhundert (1770/1800-1890/1900)
|k Literaturgeschichte
|k Geschichte einzelner Gattungen
|k Epik
|k Erzählende Prosa
|k Roman
|k Einzelne Probleme
|0 (DE-627)1270830007
|0 (DE-625)rvk/50430:
|0 (DE-576)200830007
|
| 936 |
r |
v |
|a HL 1101
|b Einzelne Stoffe und Motive
|k Anglistik. Amerikanistik
|k Englische Literatur
|k 19. Jahrhundert (1770/1800-1890/1900)
|k Literaturgeschichte
|k Stoff- und Motivgeschichte
|k Einzelne Stoffe und Motive
|0 (DE-627)127142374X
|0 (DE-625)rvk/50382:
|0 (DE-576)20142374X
|
| 936 |
s |
n |
|a h100
|2 mzub
|
| 951 |
|
|
|a BO
|
| ELC |
|
|
|b 1
|
| LOK |
|
|
|0 000 xxxxxcx a22 zn 4500
|
| LOK |
|
|
|0 001 3311451309
|
| LOK |
|
|
|0 003 DE-627
|
| LOK |
|
|
|0 004 1644614375
|
| LOK |
|
|
|0 005 19890526000000
|
| LOK |
|
|
|0 008 890526||||||||||||||||ger|||||||
|
| LOK |
|
|
|0 040
|a DE-21
|c DE-627
|d DE-21
|
| LOK |
|
|
|0 852
|a DE-21
|
| LOK |
|
|
|0 852 1
|c 29 A 2128
|9 00
|
| LOK |
|
|
|0 935
|a krim
|
| LOK |
|
|
|0 939
|a 26-05-89
|b l01
|
| ORI |
|
|
|a SA-MARC-krimdoka001.raw
|
| SIG |
|
|
|a UB: 29 A 2128
|
| TIM |
|
|
|a 100018400101_100019001231
|b Geschichte 1840-1900
|